<?xml version="1.0" encoding="UTF-8"?>
<record
    xmlns:xsi="http://www.w3.org/2001/XMLSchema-instance"
    xsi:schemaLocation="http://www.loc.gov/MARC21/slim http://www.loc.gov/standards/marcxml/schema/MARC21slim.xsd"
    xmlns="http://www.loc.gov/MARC21/slim">

  <leader>03276nam a22003257a 4500</leader>
  <controlfield tag="003">OSt</controlfield>
  <controlfield tag="005">20241021083434.0</controlfield>
  <controlfield tag="007">cr ||||||a|c|a</controlfield>
  <controlfield tag="008">241004s2020    mx ad||fom||| 001 0 spa d</controlfield>
  <datafield tag="040" ind1=" " ind2=" ">
    <subfield code="e">rda</subfield>
  </datafield>
  <datafield tag="100" ind1="1" ind2=" ">
    <subfield code="a">Jim&#xE9;nez Paez, Jos&#xE9; Orlando</subfield>
    <subfield code="9">125972</subfield>
  </datafield>
  <datafield tag="245" ind1="1" ind2="0">
    <subfield code="a">Fabricaci&#xF3;n y evaluaci&#xF3;n de bolos intrarruminales con minerales traza como suplento para rumiantes /</subfield>
    <subfield code="c">por Jos&#xE9; Orlando Jim&#xE9;nes Paez; director Maximino Huerta Bravo; asesor Agust&#xED;n Ru&#xED;z Flores; asesor Gabriela Rodriguez Pati&#xF1;o; lector externo Raquel L&#xF3;pez Arellano</subfield>
  </datafield>
  <datafield tag="264" ind1=" " ind2="1">
    <subfield code="a">Chapingo, M&#xE9;xico :</subfield>
    <subfield code="b">El autor,</subfield>
    <subfield code="c">2020.</subfield>
  </datafield>
  <datafield tag="300" ind1=" " ind2=" ">
    <subfield code="a">1 recurso en l&#xED;nea ( 54 p&#xE1;ginas).</subfield>
    <subfield code="b">Ilustraciones, cuadros, gr&#xE1;ficas</subfield>
  </datafield>
  <datafield tag="336" ind1=" " ind2=" ">
    <subfield code="2">rdacontent</subfield>
    <subfield code="a">texto</subfield>
    <subfield code="b">txt</subfield>
  </datafield>
  <datafield tag="337" ind1=" " ind2=" ">
    <subfield code="2">rdamedia</subfield>
    <subfield code="a">computadora</subfield>
    <subfield code="b">c</subfield>
  </datafield>
  <datafield tag="338" ind1=" " ind2=" ">
    <subfield code="2">rdacarrier</subfield>
    <subfield code="a">recurso en l&#xED;nea</subfield>
    <subfield code="b">cr</subfield>
  </datafield>
  <datafield tag="502" ind1=" " ind2=" ">
    <subfield code="b">DCIG</subfield>
    <subfield code="c">Zootecn&#xED;a</subfield>
    <subfield code="d">2020.</subfield>
  </datafield>
  <datafield tag="504" ind1=" " ind2=" ">
    <subfield code="a">Incluye referencias bibliogr&#xE1;ficas: p&#xE1;ginas 5-6, 16-18, 27-29, 38-40, 43-44</subfield>
  </datafield>
  <datafield tag="520" ind1=" " ind2=" ">
    <subfield code="a">Los minerales traza cumplen funciones espec&#xED;ficas para mantener en condiciones &#xF3;ptimas a los rumiantes; su deficiencia compromete la salud y la productividad. Existen diferentes m&#xE9;todos de suplementaci&#xF3;n mineral que han sido evaluados en rumiantes; sin embargo, se ha comprobado que los suplementos dirigidos son de mayor eficacia y beneficio. Los bolos intrarruminales son formas s&#xF3;lidas de dosificaci&#xF3;n mineral que aseguran por un tiempo determinado la ministraci&#xF3;n de minerales. El objetivo de la presente disertaci&#xF3;n doctoral fue fabricar y evaluar la suplementaci&#xF3;n de minerales traza en rumiantes, a partir de su administraci&#xF3;n en ovinos y caprinos. A partir de la s&#xED;ntesis de art&#xED;culos cient&#xED;ficos, se presenta un art&#xED;culo de revisi&#xF3;n sobre el dise&#xF1;o, caracter&#xED;sticas y uso de este tipo de suplementaci&#xF3;n mineral en rumiantes y las oportunidades de investigaci&#xF3;n en esta &#xE1;rea. Se dise&#xF1;aron y fabricaron bolos intrarruminales a partir de la metodolog&#xED;a de granulaci&#xF3;n por fusi&#xF3;n, que conten&#xED;an selenio, yodo y cobalto. En un experimento con ovinos estabulados se evalu&#xF3; el efecto del hierro reducido, contenido en la matriz densificadora del bolo en la concentraci&#xF3;n de Fe en suero sangu&#xED;neo. En otro estudio, con caprinos estabulados durante la gestaci&#xF3;n, se comprob&#xF3; el &#xE9;xito de los bolos intrarruminales en la concentraci&#xF3;n de selenio en suero sangu&#xED;neo de los animales. Con la disertaci&#xF3;n doctoral se logr&#xF3; evidenciar que los bolos intrarruminales son una estrategia de suplementaci&#xF3;n mineral viable para combatir las deficiencias de minerales traza en peque&#xF1;os rumiantes, debido a que aportan la cantidad necesaria durante un periodo prolongado del mineral que contienen, sin alterar el contenido de otros minerales.</subfield>
  </datafield>
  <datafield tag="650" ind1=" " ind2="4">
    <subfield code="a">Suplementaci&#xF3;n mineral</subfield>
    <subfield code="9">146529</subfield>
  </datafield>
  <datafield tag="650" ind1=" " ind2="4">
    <subfield code="a">Selenio en nutrici&#xF3;n animal</subfield>
    <subfield code="9">103793</subfield>
  </datafield>
  <datafield tag="650" ind1=" " ind2="4">
    <subfield code="a">Minerales en los animales</subfield>
    <subfield code="9">140760</subfield>
  </datafield>
  <datafield tag="700" ind1="1" ind2=" ">
    <subfield code="a">Huerta Bravo, Maximino</subfield>
    <subfield code="9">185569</subfield>
    <subfield code="e">Director</subfield>
  </datafield>
  <datafield tag="700" ind1="1" ind2=" ">
    <subfield code="a">Ruiz Flores, Agust&#xED;n</subfield>
    <subfield code="9">100671</subfield>
    <subfield code="e">Asesor</subfield>
  </datafield>
  <datafield tag="700" ind1="1" ind2=" ">
    <subfield code="a">Rodr&#xED;guez Pati&#xF1;o, Gabriela</subfield>
    <subfield code="9">189659</subfield>
    <subfield code="e">Asesor</subfield>
  </datafield>
  <datafield tag="700" ind1="1" ind2=" ">
    <subfield code="a">L&#xF3;pez Arellano, Raquel</subfield>
    <subfield code="9">189660</subfield>
    <subfield code="e">Lector externo</subfield>
  </datafield>
  <datafield tag="856" ind1=" " ind2=" ">
    <subfield code="u">http://10.13.5.2/tesis/td/2020_ZO_Jimenez_Paez_JoseOrlando.pdf</subfield>
    <subfield code="z">DESCARGAR PDF</subfield>
  </datafield>
  <datafield tag="942" ind1=" " ind2=" ">
    <subfield code="2">Clasificaci&#xF3;n Universidad Aut&#xF3;noma Chapingo</subfield>
    <subfield code="c">TD</subfield>
  </datafield>
  <datafield tag="999" ind1=" " ind2=" ">
    <subfield code="c">220182</subfield>
    <subfield code="d">220182</subfield>
  </datafield>
  <datafield tag="952" ind1=" " ind2=" ">
    <subfield code="0">0</subfield>
    <subfield code="1">0</subfield>
    <subfield code="2">local</subfield>
    <subfield code="4">0</subfield>
    <subfield code="5">1</subfield>
    <subfield code="7">0</subfield>
    <subfield code="8">TesdigD</subfield>
    <subfield code="a">BD</subfield>
    <subfield code="b">BD</subfield>
    <subfield code="c">E_L</subfield>
    <subfield code="d">2024-10-04</subfield>
    <subfield code="l">0</subfield>
    <subfield code="r">2024-10-04 13:12:59</subfield>
    <subfield code="w">2024-10-04</subfield>
    <subfield code="y">TD</subfield>
  </datafield>
</record>
